| 000 | 00750cam a2200217 a 4500 | ||
|---|---|---|---|
| 001 | vtls003142527 | ||
| 003 | MY-SjTCS | ||
| 005 | 20200226121352.0 | ||
| 008 | 110218s2005 si ab 001 0 eng d | ||
| 020 | _a9812452478 (hbk.) | ||
| 039 | 9 |
_a201102181646 _bVLOAD _c201002041923 _dshuhada _c201001281557 _dsiew_eng _c201001281552 _dsiew_eng _y200905201350 _zmalathy |
|
| 082 | 0 | 4 |
_a338.4791 _bFAI |
| 100 | 1 |
_aFaiers, Julia. _933836 |
|
| 245 | 1 | 0 |
_aExotic retreats : _beco resort design from barefoot sophistication to luxury pad / _cJulia Faiers. |
| 260 |
_aSingapore : _bPage One, _cc2005. |
||
| 300 |
_a160 p. : _bcol. ill., maps ; _c24 x 28 cm. |
||
| 500 | _aIncludes index. | ||
| 650 | 0 | _aEcotourism. | |
| 650 | 0 | _aResorts. | |
| 920 | _aTCHT : 129389 | ||
| 999 | _c181654 | ||